000
00286nam a2200109Ia 4500
001
588983
005
20250717120840.0
008
250717s9999 xx 000 0 und d
245
0
_a
U-10 SEVGİ SANDIĞI
_c
FATMA AYDINLI
260
_b
TÜRKİYE DİYANET VAKFI YAYINLARI
_c
2013
300
_b
19
999
_c
588983
_d
588983